000 00273nam a2200097Ia 4500
001 703857
005 20250826162359.0
008 250824s9999 xx 000 0 und d
245 0 _aHALİDE EDİP ADIVAR HÜRRİYET SEVDALISI
_cRECEP ŞÜKRÜ APUHAN
260 _bTİMAŞ YAYINLARI
999 _c703857
_d703857